Central Library OPAC University of Rajshahi

Islamic calligraphy in medieval India / (Record no. 32618)

MARC details
000 -LEADER
fixed length control field 00998nam a2200277 a 4500
001 - CONTROL NUMBER
control field 32618
003 - CONTROL NUMBER IDENTIFIER
rucl marc code BD-RjUL
005 - DATE AND TIME OF LATEST TRANSACTION
control field 20211209051850.0
008 - FIXED-LENGTH DATA ELEMENTS--GENERAL INFORMATION
fixed length control field 140427s1979 bg af b 001 0 eng
035 ## - SYSTEM CONTROL NUMBER
System control number (BD-RjUL)32707
040 ## - CATALOGING SOURCE
Original cataloging agency DLC
Transcribing agency DLC
Modifying agency DLC
-- BD-RjUL
Language of cataloging eng
041 ## - LANGUAGE CODE
Language code of text/sound track or separate title eng
082 00 - DEWEY DECIMAL CLASSIFICATION NUMBER
Classification number 745.619927
Edition number 23
Author mark and year RAI 1979
100 1# - MAIN ENTRY--PERSONAL NAME
Personal name Rahman, Pares Islam Syed Mustafizur.
9 (RLIN) 99257
245 10 - TITLE STATEMENT
Title Islamic calligraphy in medieval India /
Statement of responsibility, etc. Pares Islam Syed Mustafizur Rahman.
260 ## - PUBLICATION, DISTRIBUTION, ETC. (IMPRINT)
Place of publication, distribution, etc. Dacca :
Name of publisher, distributor, etc. University Press ; Bangladesh Shilpakala Academy,
Date of publication, distribution, etc. c1979.
300 ## - PHYSICAL DESCRIPTION
Pagination xii, 117 p., [16] leaves of plates :
Illustrations ill. ;
Size 25 cm.
500 ## - GENERAL NOTE
General note Originally presented as the author's thesis, Cambridge University, 1967.
504 ## - BIBLIOGRAPHY, ETC. NOTE
Bibliography, etc Bibliography: p. [101]-111.
Bibliography, etc Includes index.
650 #0 - SUBJECT ADDED ENTRY--TOPICAL TERM
Topical term or geographic name as entry element Islamic calligraphy
Geographic subdivision India.
9 (RLIN) 99258
Topical term or geographic name as entry element Manuscripts, Medieval
Geographic subdivision India
General subdivision Facsimiles.
9 (RLIN) 99259
Topical term or geographic name as entry element Calligraphy
Geographic subdivision India.
9 (RLIN) 99260
Topical term or geographic name as entry element Paleography.
9 (RLIN) 99261
942 ## - ADDED ENTRY ELEMENTS (KOHA)
Source of classification or shelving scheme Dewey Decimal Classification
Koha item type Books
Holdings
Lost status Source of classification or shelving scheme Damaged status Not for loan Collection code Permanent Location Current Location Shelving location Date acquired Source of acquisition Cost, normal purchase price Total Checkouts Full call number Date last seen Copy number Koha item type
  Dewey Decimal Classification     Non-fiction Central Library, University of Rajshahi Central Library, University of Rajshahi   28/10/1984 Shiplaykar Agency 160.00   745.619927 RAI 1979 27/04/2014 C-3 Books
  Dewey Decimal Classification     Non-fiction Central Library, University of Rajshahi Central Library, University of Rajshahi   28/10/1984 Shiplaykar Agency 160.00   745.619927 RAI 1979 27/04/2014 C-4 Books
  Dewey Decimal Classification     Non-fiction Central Library, University of Rajshahi Central Library, University of Rajshahi   28/10/1984 U.P. Ltd. Dhacca 130.00   745.619927 RAI 1979 27/04/2014 C-2 Books
  Dewey Decimal Classification   Not For Loan Rare Books Central Library, University of Rajshahi Central Library, University of Rajshahi Rare Book Section 18/03/1980 Neamot Bookshop, Rajshahi 160.00   RA 745.619927 RAI 1979 20/10/2018 C-1 Rare Books